The city of to-morrow and its planning / (Record no. 353638)
[ view plain ]
| 000 -LEADER | |
|---|---|
| fixed length control field | 01110cam a2200301 a 4500 |
| 001 - CONTROL NUMBER | |
| control field | 4770648 |
| 003 - CONTROL NUMBER IDENTIFIER | |
| control field | OSt |
| 005 - DATE AND TIME OF LATEST TRANSACTION | |
| control field | 20180116192413.0 |
| 008 - FIXED-LENGTH DATA ELEMENTS--GENERAL INFORMATION | |
| fixed length control field | 870805s1987 nyua 000 0 eng |
| 010 ## - LIBRARY OF CONGRESS CONTROL NUMBER | |
| LC control number | 86024342 |
| 020 ## - INTERNATIONAL STANDARD BOOK NUMBER | |
| International Standard Book Number | 0486253325 (pbk.) |
| 040 ## - CATALOGING SOURCE | |
| Original cataloging agency | DLC |
| Transcribing agency | DLC |
| Modifying agency | DLC |
| 041 1# - LANGUAGE CODE | |
| Language code of text/sound track or separate title | engfre |
| 050 00 - LIBRARY OF CONGRESS CALL NUMBER | |
| Classification number | NA9095 |
| Item number | .L413 1987 |
| 082 00 - DEWEY DECIMAL CLASSIFICATION NUMBER | |
| Classification number | 711.4 |
| Edition number | 21 |
| 100 0# - MAIN ENTRY--PERSONAL NAME | |
| Personal name | Le Corbusier, |
| Dates associated with a name | 1887-1965. |
| 9 (RLIN) | 6298 |
| 240 10 - UNIFORM TITLE | |
| Uniform title | Urbanisme. |
| Language of a work | English |
| 245 14 - TITLE STATEMENT | |
| Title | The city of to-morrow and its planning / |
| Statement of responsibility, etc. | by Le Corbusier ; translated from the 8th French edition of Urbanisme and with an introduction by Frederick Etchells. |
| 260 ## - PUBLICATION, DISTRIBUTION, ETC. | |
| Place of publication, distribution, etc. | New York : |
| Name of publisher, distributor, etc. | Dover, |
| Date of publication, distribution, etc. | 1987. |
| 300 ## - PHYSICAL DESCRIPTION | |
| Extent | xxvii, 301 p. : |
| Other physical details | ill. ; |
| Dimensions | 25 cm. |
| 500 ## - GENERAL NOTE | |
| General note | Translation of: Urbanisme. |
| 650 #0 - SUBJECT ADDED ENTRY--TOPICAL TERM | |
| Topical term or geographic name entry element | City planning |
| General subdivision | Forecasting. |
| 9 (RLIN) | 6299 |
| 650 #0 - SUBJECT ADDED ENTRY--TOPICAL TERM | |
| Topical term or geographic name entry element | City planning |
| General subdivision | History |
| Chronological subdivision | 20th century. |
| 9 (RLIN) | 6300 |
| 856 42 - ELECTRONIC LOCATION AND ACCESS | |
| Materials specified | Publisher description |
| Uniform Resource Identifier | <a href="http://www.loc.gov/catdir/description/dover032/86024342.html">http://www.loc.gov/catdir/description/dover032/86024342.html</a> |
| 906 ## - LOCAL DATA ELEMENT F, LDF (RLIN) | |
| a | 7 |
| b | cbc |
| c | orignew |
| d | 1 |
| e | ocip |
| f | 19 |
| g | y-gencatlg |
| 942 ## - ADDED ENTRY ELEMENTS (KOHA) | |
| Source of classification or shelving scheme | |
| Koha item type | Book |
| Withdrawn status | Lost status | Source of classification or shelving scheme | Damaged status | Not for loan | Permanent Location | Current Location | Date acquired | Total Checkouts | Full call number | Barcode | Date last seen | Copy number | Cost, replacement price | Price effective from | Koha item type | Date last checked out | Total Renewals |
|---|---|---|---|---|---|---|---|---|---|---|---|---|---|---|---|---|---|
| School of Art Design and Architecture (SADA) | School of Art Design and Architecture (SADA) | 02/04/2013 | 711.4 LEC 1987 | SADA0001943 | 01/05/2017 | 1 | 0.00 | 01/05/2017 | Book | ||||||||
| School of Art Design and Architecture (SADA) | School of Art Design and Architecture (SADA) | 02/04/2013 | 711.4 LEC 1987 | SADA0001944 | 02/06/2013 | 2 | 0.00 | 02/06/2013 | Book | ||||||||
| School of Art Design and Architecture (SADA) | School of Art Design and Architecture (SADA) | 02/04/2013 | 711.4 LEC 1987 | SADA0001945 | 02/06/2013 | 3 | 0.00 | 02/06/2013 | Book | ||||||||
| School of Art Design and Architecture (SADA) | School of Art Design and Architecture (SADA) | 02/04/2013 | 1 | 711.4 LEC 1987 | SADA0001946 | 09/23/2015 | 4 | 0.00 | 02/06/2013 | Book | 09/07/2015 | ||||||
| School of Art Design and Architecture (SADA) | School of Art Design and Architecture (SADA) | 02/04/2013 | 711.4 LEC 1987 | SADA0001947 | 02/06/2013 | 5 | 0.00 | 02/06/2013 | Book | ||||||||
| School of Art Design and Architecture (SADA) | School of Art Design and Architecture (SADA) | 02/04/2013 | 711.4 LEC 1987 | SADA0001948 | 02/06/2013 | 6 | 0.00 | 02/06/2013 | Book | ||||||||
| School of Art Design and Architecture (SADA) | School of Art Design and Architecture (SADA) | 02/04/2013 | 2 | 711.4 LEC 1987 | SADA0001949 | 10/20/2015 | 7 | 0.00 | 02/06/2013 | Book | 09/08/2015 | 1 | |||||
| School of Art Design and Architecture (SADA) | School of Art Design and Architecture (SADA) | 02/04/2013 | 3 | 711.4 LEC 1987 | SADA0001950 | 09/18/2015 | 8 | 0.00 | 02/06/2013 | Book | 09/08/2015 | 2 | |||||
| School of Art Design and Architecture (SADA) | School of Art Design and Architecture (SADA) | 02/04/2013 | 1 | 711.4 LEC 1987 | SADA0001951 | 09/21/2015 | 9 | 0.00 | 02/06/2013 | Book | 09/07/2015 | ||||||
| School of Art Design and Architecture (SADA) | School of Art Design and Architecture (SADA) | 04/04/2016 | 711.4 LEC 1987 | SADA0002541 | 04/05/2016 | 10 | 1696.24 | 04/05/2016 | Book |
